Loading...
| Science - Other Science | 0 | 6 | 1 | 1 | 55 | 84 | 106.00 | 0 | 2 | 
| Science - Chemistry | 0 | 5 | 0 | 1 | 50 | 95 | 116.00 | 0 | 1 | 
| Science - Physics | 0 | 5 | 1 | 1 | 45 | 106 | 126.80 | 0 | 0 | 
| Philosophy | 0 | 2 | 0 | 0 | 20 | 87 | 107.00 | 0 | 1 | 
| History - World History | 0 | 2 | 0 | 1 | 20 | 121 | 131.50 | 0 | 0 | 
| Fine Arts - Painting & Sculpture | 0 | 2 | 1 | 1 | 15 | 146 | 159.50 | 0 | 0 | 
| Social Science | 0 | 2 | 1 | 1 | 15 | 94 | 120.00 | 0 | 0 | 
| Other Academic | 0 | 1 | 0 | 1 | 10 | 155 | 155.00 | 0 | 0 | 
| History - American History | 0 | 1 | 0 | 1 | 10 | 146 | 146.00 | 0 | 0 | 
| History - Other History | 0 | 1 | 0 | 1 | 10 | 142 | 142.00 | 0 | 0 | 
| Literature - European Literature | 0 | 1 | 0 | 0 | 10 | 151 | 151.00 | 0 | 0 | 
| Current Events | 0 | 1 | 0 | 1 | 10 | 135 | 135.00 | 0 | 0 | 
| Religion | 0 | 1 | 1 | 0 | 5 | 107 | 107.00 | 0 | 0 | 
| Science - Biology | 0 | 2 | 4 | 1 | 0 | 93 | 113.00 | 0 | 0 | 
| History - European History | 0 | 0 | 1 | 0 | -5 | 0.00 | 0 | 0 |